Fundammentamentals of database systems (Record no. 511)
[ view plain ]
| 000 -LEADER | |
|---|---|
| Fixed length control field | 00465nam a2200169 4500 |
| 003 - CONTROL NUMBER IDENTIFIER | |
| Control field | SEACOMMC |
| 005 - DATE AND TIME OF LATEST TRANSACTION | |
| Control field | 20231221151944.0 |
| 008 - FIXED-LENGTH DATA ELEMENTS--GENERAL INFORMATION | |
| Fixed length control field | 231221b |||||||| |||| 00| 0 eng d |
| 040 ## - CATALOGING SOURCE | |
| Original cataloging agency | SEACOMMC |
| 082 ## - DEWEY DECIMAL CLASSIFICATION NUMBER | |
| Classification number | 005.74 |
| Book Number | F485 |
| 100 1# - MAIN ENTRY--PERSONAL NAME | |
| Personal name | Elmasri,Ramez |
| 245 1# - TITLE STATEMENT | |
| Title | Fundammentamentals of database systems |
| Statement of responsibility | Ramez Elmasri shamkant Navate |
| 250 1# - EDITION STATEMENT | |
| Edition statement | 4 th ed. |
| 260 1# - IMPRINT | |
| Place of publication | Delhi |
| Name of publisher | pearson |
| Date of publication | 2005 |
| 650 ## - SUBJECT ADDED ENTRY--TOPICAL TERM | |
| Topical term | Computer science,Data files and databases |
| 942 ## - ADDED ENTRY ELEMENTS (KOHA) | |
| Koha item type | Books |
| Withdrawn status | Lost status | Source of classification | Damaged status | Not for loan | Home library | Current library | Date acquired | Total Checkouts | Call number | Accession number | Date last seen | Copy number | Price effective from | Koha item type |
|---|---|---|---|---|---|---|---|---|---|---|---|---|---|---|
| Dewey Decimal Classification | SEACOM MANAGEMENT COLLEGE | SEACOM MANAGEMENT COLLEGE | 21/12/2023 | 005.74 F485 | 00341 | 21/12/2023 | 1 | 21/12/2023 | Books |
